Vista normal
Vista MARC
Entrada Personal Name
Número de registros utilizados en: 1
001 - CONTROL NUMBER
- control field: 967
003 - CONTROL NUMBER IDENTIFIER
- control field: OSt
005 - DATE AND TIME OF LATEST TRANSACTION
- control field: 20200227121436.0
008 - FIXED-LENGTH DATA ELEMENTS
- fixed length control field: 200227|| aca||aabn | a|a d
040 ## - CATALOGING SOURCE
- Original cataloging agency: OSt
- Transcribing agency: OSt
100 ## - HEADING--PERSONAL NAME
- Personal name: López Roca, Luis Fernanado,
670 ## - SOURCE DATA FOUND
- Source citation: Work cat.: (OSt): López Roca, Luis Fernanado, autor, El principio de igualdad en la actividad financiera : , 2012